| 000 | 01477nam2a22003131 4500 | ||
|---|---|---|---|
| 001 | v19\rc\1524236 | ||
| 005 | 20250618200700.0 | ||
| 035 | _a(NLR Aleph) 004688821 | ||
| 090 |
_a3906474 _c3906474 |
||
| 100 | _a20060620d1893 |||y0rusy50 ca | ||
| 101 | 0 | _arus | |
| 102 | _aRU | ||
| 105 | _ay z ||||| | ||
| 200 | 0 |
_a... за 1891/92 учебный год _e8-й год изд. _fСост. законоучителем Ин-та свящ. Н.М. Архангельским |
|
| 210 |
_d1893 _aБ. м. |
||
| 215 | _a74 с. | ||
| 461 | 0 |
_1001v19\rc\1524229 _12001#$aОтчет о состоянии Нижегородского дворянского института императора Александра II$v... за 1891/92 учебный год _93906387 _aНижегородский дворянский институт _cНижний Новгород _d1886-1916 _p31 т. _tОтчет о состоянии Нижегородского дворянского института императора Александра II _v... за 1891/92 учебный год |
|
| 702 | 1 |
_aАрхангельский _bН.М. _4220 |
|
| 801 | 0 |
_aRU _bNLR _gpsbo |
|
| 801 | 0 |
_aRU _bRuMoRGB _2psbo |
|
| 801 | 1 |
_aRU _bProSoft-M _2rusmarc |
|
| 852 |
_aNLR _j34.88.4.22(1) |
||
| 899 | _aГПИБ (1885-1916*) | ||
| 899 | _aНБ МГУ (1884-1915*) | ||
| 899 |
_aRuMoRGB (1884-1915*) _jU 102/80 |
||
| 899 |
_aRuMoRGB (1884-1915*) _jF 63/172 |
||
| 899 | _aБАН | ||
| 942 | _cBOOK | ||
| 980 | _aNB | ||